Drámy z podivného sveta
| Main Author: | |
|---|---|
| Format: | Book |
| Language: | English |
| PhysicalDescription: | 411 s. |
| Published: |
Bratislava
Obzor
1965
|
| Edition: | 1. vyd. |
MARC
| LEADER | 00000nam a2200000 a 4500 | ||
|---|---|---|---|
| 001 | vtls001524143 | ||
| 003 | SK-MaSNL | ||
| 005 | 20260302073938.0 | ||
| 008 | 240315 000 0 eng | ||
| 040 | |a SNK |b slo |c SNK |e AACR2 | ||
| 100 | 1 | |a Danin, Daniil |4 aut |9 738987 | |
| 245 | 1 | |a Drámy z podivného sveta | |
| 250 | |a 1. vyd. | ||
| 260 | |a Bratislava |b Obzor |c 1965 | ||
| 300 | |a 411 s. | ||
| 999 | |c 1162985 |d 1164915 | ||
| 952 | |a SNK |b SNK |y VYP |7 0 |p 17A0466112 |o snkSD 27409 D1 |i snkKSP 3567/65 |3 Rekatalogizácia |0 0 |1 0 |4 0 |d 2005-04-18 |l 0 |r 2026-02-24 20:39:20 |w 2026-02-24 | ||


